<?xml version="1.0" encoding="UTF-8"?>
<record
    xmlns:xsi="http://www.w3.org/2001/XMLSchema-instance"
    xsi:schemaLocation="http://www.loc.gov/MARC21/slim http://www.loc.gov/standards/marcxml/schema/MARC21slim.xsd"
    xmlns="http://www.loc.gov/MARC21/slim">

  <leader>00877nam a22002177a 4500</leader>
  <controlfield tag="005">20231127161319.0</controlfield>
  <controlfield tag="008">231127b           ||||| |||| 00| 0 eng d</controlfield>
  <datafield tag="040" ind1=" " ind2=" ">
    <subfield code="c">AL</subfield>
  </datafield>
  <datafield tag="041" ind1=" " ind2=" ">
    <subfield code="a">kan</subfield>
  </datafield>
  <datafield tag="082" ind1=" " ind2=" ">
    <subfield code="2">23</subfield>
    <subfield code="a">070.1K</subfield>
    <subfield code="b">PERM</subfield>
  </datafield>
  <datafield tag="100" ind1=" " ind2=" ">
    <subfield code="a">Vasanthakumara Perla: &#xCB5;&#xCB8;&#xC82;&#xCA4;&#xC95;&#xCC1;&#xCAE;&#xCBE;&#xCB0; &#xCAA;&#xCC6;&#xCB0;&#xCCD;&#xCB2; </subfield>
    <subfield code="9">143590</subfield>
  </datafield>
  <datafield tag="245" ind1=" " ind2=" ">
    <subfield code="a">Madhyama Marga: &#xCAE;&#xCBE;&#xCA7;&#xCCD;&#xCAF;&#xCAE; &#xCAE;&#xCBE;&#xCB0;&#xCCD;&#xC97; </subfield>
  </datafield>
  <datafield tag="260" ind1=" " ind2=" ">
    <subfield code="a">Mangalore</subfield>
    <subfield code="b">Prasaranga Mangalore University</subfield>
    <subfield code="c">2022</subfield>
  </datafield>
  <datafield tag="300" ind1=" " ind2=" ">
    <subfield code="a">178p.</subfield>
    <subfield code="b">PB</subfield>
    <subfield code="c">21x14cm.</subfield>
  </datafield>
  <datafield tag="365" ind1=" " ind2=" ">
    <subfield code="2">Kannada</subfield>
    <subfield code="a">63-65</subfield>
    <subfield code="b">75.00</subfield>
    <subfield code="c">&#x20B9;</subfield>
    <subfield code="d">150.00</subfield>
    <subfield code="e">50%</subfield>
    <subfield code="f">23-11-2023</subfield>
  </datafield>
  <datafield tag="650" ind1=" " ind2=" ">
    <subfield code="a">Mass Media: &#xCB8;&#xCAE;&#xCC2;&#xCB9; &#xCAE;&#xCBE;&#xCA7;&#xCCD;&#xCAF;&#xCAE; </subfield>
    <subfield code="9">143577</subfield>
  </datafield>
  <datafield tag="650" ind1=" " ind2=" ">
    <subfield code="a">Journalism: &#xCAA;&#xCA4;&#xCCD;&#xCB0;&#xCBF;&#xC95;&#xCCB;&#xCA6;&#xCCD;&#xCAF;&#xCAE; </subfield>
    <subfield code="9">143578</subfield>
  </datafield>
  <datafield tag="650" ind1=" " ind2=" ">
    <subfield code="a">Shravya Madhyama: &#xCB6;&#xCCD;&#xCB0;&#xCB5;&#xCCD;&#xCAF; &#xCAE;&#xCBE;&#xCA7;&#xCCD;&#xCAF;&#xCAE; </subfield>
    <subfield code="9">143579</subfield>
  </datafield>
  <datafield tag="700" ind1=" " ind2=" ">
    <subfield code="a">PERLA (Vasantakumara): &#xCAA;&#xCC6;&#xCB0;&#xCCD;&#xCB2; (&#xCB5;&#xCB8;&#xC82;&#xCA4;&#xC95;&#xCC1;&#xCAE;&#xCBE;&#xCB0;)</subfield>
    <subfield code="9">143580</subfield>
  </datafield>
  <datafield tag="942" ind1=" " ind2=" ">
    <subfield code="2">ddc</subfield>
    <subfield code="c">BK</subfield>
  </datafield>
  <datafield tag="999" ind1=" " ind2=" ">
    <subfield code="c">229324</subfield>
    <subfield code="d">229324</subfield>
  </datafield>
  <datafield tag="952" ind1=" " ind2=" ">
    <subfield code="0">0</subfield>
    <subfield code="1">0</subfield>
    <subfield code="2">ddc</subfield>
    <subfield code="4">0</subfield>
    <subfield code="7">0</subfield>
    <subfield code="8">KAN</subfield>
    <subfield code="a">AL</subfield>
    <subfield code="b">AL</subfield>
    <subfield code="d">2023-11-24</subfield>
    <subfield code="e">Prasaranga Mangalore University</subfield>
    <subfield code="g">75.00</subfield>
    <subfield code="l">0</subfield>
    <subfield code="o">070.1K PERM</subfield>
    <subfield code="p">076944</subfield>
    <subfield code="r">2023-11-27 00:00:00</subfield>
    <subfield code="v">150.00</subfield>
    <subfield code="w">2023-11-27</subfield>
    <subfield code="y">BK</subfield>
  </datafield>
</record>
